000 00763nam a2200193 a 4500
003 0
005 20250421083849.0
008 060801s19uu xx 00 eng d
050 _aPHS LB 2806.15
_b.L44 2006
100 _aLee, Seung Jae.
245 _aPerceptions of grade 10 students in Southville International School and Colleges on the International Baccalaureate (IB) Program /
_cSeung Jae Lee.
260 _aLas PiƱas City, Philippines :
_bSouthville International School and Colleges,
_c2006.
300 _a22 pages :
_billustrations ;
_c28 cm.
504 _aIncludes bibliographical references.
650 _aInternational Baccalaureate.
650 _aEducation, Secondary
_xCurricula.
650 _aHigh school students
_xAttitudes.
942 _2lcc
_cPASS
999 _c97638
_d97638